Statistics for Guess the Language Family

Click here to take the quiz!

General Stats

  • This quiz has been taken 695 times
  • The average score is 10 of 22

Answer Stats

LanguagesFamily% Correct
Russian, Polish, Serbo-CroatianSlavic
79%
Spanish, French, ItalianRomance
77%
German, English, SwedishGermanic
75%
Irish, Welsh, ScottishCeltic
69%
Arabic, Hebrew, AmharicSemitic
68%
Turkish, Kazakh, UyghurTurkic
68%
English, Hindi, RussianIndo-European
67%
Mandarin, Cantonese, ShanghaineseSinitic
62%
Maori, Hawaiian, Samoan,Polynesian
57%
Hungarian, Finnish, EstonianUralic
54%
Swedish, Danish, NorwegianNorth Germanic
42%
Mandarin, Burmese, TibetanSino-Tibetan
42%
Tamil, Telugu, MalayalamDravidian
38%
Swahili, Zulu, XhosaBantu
37%
Indonesian, Malagasy, TagalogAustronesian
35%
Hindi, Bengali, PunjabiIndo-Aryan
33%
Hindi, Persian, BengaliIndo-Iranian
32%
Arabic, Hausa, SomaliAfro-Asiatic
31%
Swahili, Yoruba, WolofNiger-Congo
24%
Vietnamese, Khmer, SanthaliAustro-Asiatic
22%
Thai, Lao, IsanTai-Kadai
15%
Songhay, Dinka, Maasai,Nilo-Saharan
12%

Score Distribution

Percentile by Number Answered

Percent of People with Each Score

Your Score History

You have not taken this quiz